<?xml version="1.0" encoding="UTF-8"?>
<record
    xmlns:xsi="http://www.w3.org/2001/XMLSchema-instance"
    xsi:schemaLocation="http://www.loc.gov/MARC21/slim http://www.loc.gov/standards/marcxml/schema/MARC21slim.xsd"
    xmlns="http://www.loc.gov/MARC21/slim">

  <leader>01542nam a2200361 a 4500</leader>
  <controlfield tag="005">20240807102405.0</controlfield>
  <controlfield tag="008">100309e2017||||sp al. f |||| 001 0 spa d</controlfield>
  <datafield tag="020" ind1=" " ind2=" ">
    <subfield code="a">9788491130321</subfield>
  </datafield>
  <datafield tag="041" ind1=" " ind2=" ">
    <subfield code="a">spa</subfield>
  </datafield>
  <datafield tag="092" ind1=" " ind2=" ">
    <subfield code="c">616</subfield>
    <subfield code="l">30</subfield>
    <subfield code="s">GOL</subfield>
  </datafield>
  <datafield tag="100" ind1="1" ind2=" ">
    <subfield code="a">Goldman, Lee</subfield>
    <subfield code="e">Ed.</subfield>
    <subfield code="9">1800</subfield>
  </datafield>
  <datafield tag="245" ind1=" " ind2=" ">
    <subfield code="a">Goldman-Cecil. Tratado de Medicina Interna.</subfield>
    <subfield code="b">T.2 /</subfield>
    <subfield code="c">Lee Goldman</subfield>
  </datafield>
  <datafield tag="250" ind1=" " ind2=" ">
    <subfield code="a">25a ed. versi&#xF3;n en espa&#xF1;ol de la 25 ed. de la obra original en ingl&#xE9;s</subfield>
    <subfield code="b">Revisi&#xF3;n cient&#xED;fica y t&#xE9;cnica Jos&#xE9; Mar&#xED;a Ladero Quesada [et. al]</subfield>
  </datafield>
  <datafield tag="260" ind1=" " ind2=" ">
    <subfield code="a">Barcelona: </subfield>
    <subfield code="b">Elsevier;</subfield>
    <subfield code="c">2017.</subfield>
  </datafield>
  <datafield tag="300" ind1=" " ind2=" ">
    <subfield code="a">1383-2722 p.</subfield>
    <subfield code="e">Acceso r&#xE1;pido a videos mediante c&#xF3;digo QR</subfield>
  </datafield>
  <datafield tag="500" ind1=" " ind2=" ">
    <subfield code="a">Goldman, L. y Schafer, A. I. (Eds.). (2017). Goldman-Cecil. Tratado de medicina interna. T.2 (25a ed.). Barcelona : Elsevier.</subfield>
  </datafield>
  <datafield tag="653" ind1=" " ind2=" ">
    <subfield code="a">Enfermedades metab&#xF3;licas</subfield>
  </datafield>
  <datafield tag="653" ind1=" " ind2=" ">
    <subfield code="a">Enfermedades nutricionales</subfield>
  </datafield>
  <datafield tag="653" ind1=" " ind2=" ">
    <subfield code="a">Enfermedades endocrinas</subfield>
  </datafield>
  <datafield tag="653" ind1=" " ind2=" ">
    <subfield code="a">Salud en la mujer</subfield>
  </datafield>
  <datafield tag="653" ind1=" " ind2=" ">
    <subfield code="a">Enfermedades del metabolismo &#xF3;seo y mineral</subfield>
  </datafield>
  <datafield tag="653" ind1=" " ind2=" ">
    <subfield code="a">Enfermedades de la alergia e inmulogia cl&#xED;nica</subfield>
  </datafield>
  <datafield tag="653" ind1=" " ind2=" ">
    <subfield code="a">Enfermedades reum&#xE1;ticas</subfield>
  </datafield>
  <datafield tag="653" ind1=" " ind2=" ">
    <subfield code="a">Enfermedades infecciosas</subfield>
  </datafield>
  <datafield tag="653" ind1=" " ind2=" ">
    <subfield code="a">Virus de Inmunodeficiencia Humana y S&#xED;ndrome de Inmunodeficiencia Adquirida</subfield>
  </datafield>
  <datafield tag="653" ind1=" " ind2=" ">
    <subfield code="a">Neurolog&#xED;a</subfield>
  </datafield>
  <datafield tag="653" ind1=" " ind2=" ">
    <subfield code="a">Enfermedades de los ojos, los o&#xED;dos, la nariz y la faringe</subfield>
  </datafield>
  <datafield tag="653" ind1=" " ind2=" ">
    <subfield code="a">Consulta m&#xE9;dica</subfield>
  </datafield>
  <datafield tag="653" ind1=" " ind2=" ">
    <subfield code="a">Enfermedades de la piel</subfield>
  </datafield>
  <datafield tag="653" ind1=" " ind2=" ">
    <subfield code="a">Ap&#xE9;ndice: intervalos de referencia y valores de laboratorio</subfield>
  </datafield>
  <datafield tag="700" ind1="1" ind2=" ">
    <subfield code="a">Schafer, Andrew I.</subfield>
    <subfield code="e">Ed.</subfield>
    <subfield code="9">2510</subfield>
  </datafield>
  <datafield tag="942" ind1=" " ind2=" ">
    <subfield code="2">ddc</subfield>
    <subfield code="c">BK</subfield>
    <subfield code="0">1</subfield>
  </datafield>
  <datafield tag="999" ind1=" " ind2=" ">
    <subfield code="c">3143</subfield>
    <subfield code="d">3143</subfield>
  </datafield>
  <datafield tag="952" ind1=" " ind2=" ">
    <subfield code="0">0</subfield>
    <subfield code="1">0</subfield>
    <subfield code="2">ddc</subfield>
    <subfield code="4">0</subfield>
    <subfield code="7">0</subfield>
    <subfield code="a">BFM</subfield>
    <subfield code="b">BFM</subfield>
    <subfield code="c">CR</subfield>
    <subfield code="d">2022-10-04</subfield>
    <subfield code="e">Donaci&#xF3;n Vela, Nicol&#xE1;s. 30 de Septiembre de 2022.</subfield>
    <subfield code="l">2</subfield>
    <subfield code="o">616 30 GOL</subfield>
    <subfield code="p">4794</subfield>
    <subfield code="r">2025-05-26</subfield>
    <subfield code="s">2025-05-14</subfield>
    <subfield code="t">Ej. 7</subfield>
    <subfield code="w">2022-10-04</subfield>
    <subfield code="y">BK</subfield>
    <subfield code="z">Donaci&#xF3;n Vela, Nicol&#xE1;s. 30 de Septiembre de 2022. Sede Tordos.</subfield>
    <subfield code="f"></subfield>
  </datafield>
  <datafield tag="952" ind1=" " ind2=" ">
    <subfield code="0">0</subfield>
    <subfield code="1">0</subfield>
    <subfield code="2">ddc</subfield>
    <subfield code="4">0</subfield>
    <subfield code="7">0</subfield>
    <subfield code="a">BFM</subfield>
    <subfield code="b">BFM</subfield>
    <subfield code="c">CR</subfield>
    <subfield code="d">2025-10-01</subfield>
    <subfield code="e">Donaci&#xF3;n octubre 2025.</subfield>
    <subfield code="l">0</subfield>
    <subfield code="o">616 30 GOL</subfield>
    <subfield code="p">5120</subfield>
    <subfield code="r">2025-10-02</subfield>
    <subfield code="t">Ej. 9</subfield>
    <subfield code="w">2025-10-02</subfield>
    <subfield code="y">BK</subfield>
    <subfield code="z">Donaci&#xF3;n Gardere Camila, octubre 2025.</subfield>
    <subfield code="f"></subfield>
  </datafield>
  <datafield tag="952" ind1=" " ind2=" ">
    <subfield code="0">0</subfield>
    <subfield code="1">0</subfield>
    <subfield code="2">ddc</subfield>
    <subfield code="4">0</subfield>
    <subfield code="7">0</subfield>
    <subfield code="a">BFM</subfield>
    <subfield code="b">BFM</subfield>
    <subfield code="c">CR</subfield>
    <subfield code="d">2025-10-27</subfield>
    <subfield code="e">Donaci&#xF3;n octubre 2025.</subfield>
    <subfield code="l">0</subfield>
    <subfield code="o">616 30 GOL</subfield>
    <subfield code="p">5122</subfield>
    <subfield code="r">2025-10-28</subfield>
    <subfield code="t">Ej.10</subfield>
    <subfield code="w">2025-10-28</subfield>
    <subfield code="y">BK</subfield>
    <subfield code="z">Donaci&#xF3;n Soto Gonzalo, octubre 2025.</subfield>
    <subfield code="f"></subfield>
  </datafield>
</record>
